ARRUPE JESUIT UNIVERSITY

CORONAVIRUS -STOP THE SPREAD - CLEAN,DISINFECT,COVER

Martin Buber's life and work : (Record no. 119610)

MARC details
000 -LEADER
fixed length control field 00996cam a2200301 a 4500
001 - CONTROL NUMBER
control field 3295055
003 - CONTROL NUMBER IDENTIFIER
control field ARRUPE
005 - DATE AND TIME OF LATEST TRANSACTION
control field 20140121134844.0
008 - FIXED-LENGTH DATA ELEMENTS--GENERAL INFORMATION
fixed length control field 830204s1983 nyuaf b 001 0beng
010 ## - LIBRARY OF CONGRESS CONTROL NUMBER
LC control number 83001946
020 ## - INTERNATIONAL STANDARD BOOK NUMBER
International Standard Book Number 0525242120 :
Terms of availability $32.50
040 ## - CATALOGING SOURCE
Original cataloging agency DLC
Transcribing agency DLC
Modifying agency DLC
050 00 - LIBRARY OF CONGRESS CALL NUMBER
Classification number B3213.B84
Item number F73 1983
082 00 - DEWEY DECIMAL CLASSIFICATION NUMBER
Classification number 296.3/092/4
-- B
Edition number 19
300 ## - PHYSICAL DESCRIPTION
Other physical details ill. ;
Dimensions 25 cm.
100 1# - MAIN ENTRY--PERSONAL NAME
Personal name Friedman, Maurice S.
9 (RLIN) 6801
245 10 - TITLE STATEMENT
Title Martin Buber's life and work :
Remainder of title the later years, 1945-1965 /
Statement of responsibility, etc Maurice Friedman.
250 ## - EDITION STATEMENT
Edition statement 1st ed.
260 ## - PUBLICATION, DISTRIBUTION, ETC. (IMPRINT)
Place of publication, distribution, etc New York :
Name of publisher, distributor, etc Dutton,
Date of publication, distribution, etc c1983.
300 ## - PHYSICAL DESCRIPTION
Extent xviii, 493 p., [8] p. of plates :
500 ## - GENERAL NOTE
General note Includes index.
504 ## - BIBLIOGRAPHY, ETC. NOTE
Bibliography, etc Bibliography: p. 425-476.
600 10 - SUBJECT ADDED ENTRY--PERSONAL NAME
Personal name Buber, Martin,
Dates associated with a name 1878-1965.
9 (RLIN) 6802
650 #0 - SUBJECT ADDED ENTRY--TOPICAL TERM
Topical term or geographic name as entry element Jewish philosophers
Geographic subdivision Germany
General subdivision Biography.
9 (RLIN) 6803
650 #0 - SUBJECT ADDED ENTRY--TOPICAL TERM
Topical term or geographic name as entry element Philosophers
Geographic subdivision Germany
General subdivision Biography.
9 (RLIN) 6804
650 #0 - SUBJECT ADDED ENTRY--TOPICAL TERM
Topical term or geographic name as entry element Jews
Geographic subdivision Germany
General subdivision Biography.
9 (RLIN) 6805
906 ## - LOCAL DATA ELEMENT F, LDF (RLIN)
a 7
b cbc
c orignew
d 1
e ocip
f 19
g y-gencatlg
942 ## - ADDED ENTRY ELEMENTS (KOHA)
Source of classification or shelving scheme Library of Congress Classification
Koha item type Monograph ( Printed materials)
Holdings
Withdrawn status Lost status Source of classification or shelving scheme Damaged status Not for loan Home library Current library Date acquired Total Checkouts Full call number Barcode Date last seen Price effective from Koha item type
    Library of Congress Classification     ARRUPE LIBRARY ARRUPE LIBRARY 21/01/2014   B3213.B84 F73 1983 464122827 21/01/2014 21/01/2014 Monograph ( Printed materials)

 

Arrupe Library. PO Box MP320 Mt Pleasant, Harare, Zimbabwe
263 242 745411|librarian@aju.ac.zw